00257nam a22000977a 4500082000800000100001800008245006800026260004200094300000900136650001400145 a240 aGolden,Sydney aGeneral University Chemistry: A Developmental Approach : Vol.2  aLondonbOxford University Pressc1975 a694p aChemistry